000
00312nam a22001457a 4500
020
_a
978-81-219-2874-8
041
_a
ENG
100
_a
Sareen.K
245
_a
CAD/CAM Theory and Concepts
260
_a
New Delhi
_b
S.Chand and Company
_c
2019
300
_a
453
650
_a
FMP
700
_a
Grewal.C
856
_u
FMP
999
_c
108
_d
108